000 01684cam a2200373 a 4500
999 _c26266
_d26266
001 16441049
005 20170203150712.0
008 100831s2010 nyuab bc 001 0 eng
010 _a 2010037224
015 _aGBB083467
_2bnb
016 7 _a015600165
_2Uk
020 _a9781588394040 (pbk. : Metropolitan Museum of Art)
020 _a9780300155235 (pbk : Yale University Press)
035 _a(OCoLC)ocn606786223
040 _aDLC
_cDLC
_dYDX
_dBTCTA
_dERASA
_dYDXCP
_dUKM
_dORX
_dIAD
_dCDX
_dINU
_dDLC
042 _apcc
043 _ae-gr---
_an-us-ny
050 0 0 _aNK4645
_b.M475 2010
110 2 _aMetropolitan Museum of Art (New York, N.Y.)
245 1 0 _aHow to read Greek vases /
_cJoan R. Mertens.
260 _aNew York :
_bMetropolitan Museum of Art ;
_aNew Haven :
_bDistributed by Yale University Press,
_cc2010.
300 _a175 p. :
_bill. (chiefly col.), col. maps ;
_c27 cm.
504 _aIncludes bibliographical references and index.
505 0 0 _gMachine generated contents note:
_tThe Vases.
610 2 0 _aMetropolitan Museum of Art (New York, N.Y.)
_vCatalogs.
650 0 _aVases, Greek
_vCatalogs.
650 0 _aVase-painting, Greek
_vCatalogs.
650 0 _aVases
_zNew York (State)
_zNew York
_vCatalogs.
700 1 _aMertens, Joan R.
942 _2lcc
_cBOOKS
_hNK4645 .M475 2010